Handedness and hand abilities in congenitally blind children (Record no. 14718)

MARC details
000 -LEADER
fixed length control field 00303nam a2200121Ia 4500
082 ## - DEWEY DECIMAL CLASSIFICATION NUMBER
Classification number RI.0043
100 ## - MAIN ENTRY--AUTHOR NAME
Personal name Ittyerah, Miriam
245 #0 - TITLE STATEMENT
Title Handedness and hand abilities in congenitally blind children
260 ## - PUBLICATION, DISTRIBUTION, ETC. (IMPRINT)
Year of publication 1996
300 ## - PHYSICAL DESCRIPTION
Number of Pages 86p.
942 ## - ADDED ENTRY ELEMENTS (KOHA)
Koha item type Books
Holdings
Withdrawn status Lost status Damaged status Not for loan Home library Current library Date acquired Bill Date Full call number Accession Number Price effective from Koha item type
        NASSDOC Library NASSDOC Library 08/10/2004 2008-12-30 RI.0043 36020 18/04/2019 Books